Quantum integrable systems /

Guardado en:
Autor Principal: Chowdhury, A. R.
Otros Autores: Choudhury, Anindya Ghose.
Formato: Libro
Idioma:English
Publicado: Boca Raton : Chapman & Hall/CRC, 2003.
Series:Chapman & Hall/CRC research notes in mathematics series ; 435
Materias:
Acceso en línea:Publisher description
Etiquetas: Agregar Etiqueta
Sin Etiquetas, Sea el primero en etiquetar este registro!
LEADER 00982cam a22002534a 4500
001 MAT.inmabb004675
008 030821s2003####flua#####b####001#0#eng##
005 20170523140820.0
245 1 0 |a Quantum integrable systems /  |c Asesh Roy Chowdhury, Anindya Ghose Choudhury. 
260 |a Boca Raton :  |b Chapman & Hall/CRC,  |c 2003. 
300 |a 412 p. :  |b il. ;  |c 23 cm. 
440 0 |a Chapman & Hall/CRC research notes in mathematics series ;  |v 435 
504 |a Incluye referencias bibliográficas (p. 399-409) e índice. 
510 4 |a MR,  |c 2007f:82025 
020 |a 1584883804 
100 1 |a Chowdhury, A. R.  |q (A. Roy) 
700 1 |a Choudhury, Anindya Ghose. 
650 0 |a Hamiltonian systems. 
650 0 |a Mathematical physics. 
084 |a 82B23 (37J35 37K10 37N20 81-02 81R12 82-02)  |2 msc2000 
010 |a  2003061849 
040 |a DLC  |c DLC  |d DLC 
856 4 2 |3 Publisher description  |u http://www.loc.gov/catdir/enhancements/fy0646/2003061849-d.html 
859 |h 82  |i C552  |p A-8468  |b BIB. MATEMATICA